| 000 | 00860nam a2200217Ia 4500 | ||
|---|---|---|---|
| 005 | 20241129111344.0 | ||
| 008 | 241129s9999||||xx |||||||||||||| ||und|| | ||
| 020 | _a978-81-957732-6-8 | ||
| 037 | _aTB | ||
| 040 |
_aCRL _bhin _cCRL |
||
| 041 |
_ahin _2hin |
||
| 084 |
_aO152,1:g R3 _qCRL |
||
| 100 |
_aशास्त्री, चन्द्र किशोर, ले. _9160815 |
||
| 245 | 0 |
_aकाव्यशास्त्रीय आचार्यो का रसात्मक दृष्टिकोण _cशास्त्री, चन्द्र किशोर, ले. |
|
| 260 |
_aदिल्ली, भारत _bविद्यानिधि प्रकाशन _c2023 |
||
| 300 | _a130पृ0 | ||
| 365 |
_aINR _b450 |
||
| 650 | _aHindi literaturePoetry | ||
| 942 |
_cTB _hO152,1:g R3 |
||
| 999 |
_c1230080 _d1230080 |
||